00779nam a2200253 a 4500001001300000003000900013005001700022008004100039020002300080082001800103100002300121245007900144260004600223300000800269500003500277505000600312650002000318650001300338700002300351902000800374942000700382952011900389999001700508nice12345678IN_TiNIC20260116013659.0050524s1996 mada grp 000 0 eng  a812063X c12000a294.3063bCUN aCunha, J Gerson Da aMemoir on the History of the Tooth Relic of Ceylon Witha Preliminary Essay aMadrasbAsian Educational Services c1996 a70p aincludes index and biblioraphy2 a7 aBuddha, Gautama aBuddhism1 aCunha, J Gerson Da bSRS cBK 001040708StackRoom-aHMIbHMId2007-07-20g120.00l0o294.3063 CUNp017076r2007-07-20v120.00w2005-05-24yBK c11936d11936